000 00305nam a2200121Ia 4500
008 190216s9999||||xx |||||||||||||| ||und||
100 _aSanjeev Manohar Shaahil
245 0 _aHindi-Master Blaster Sachin Thendulkar
260 _bGandhi Grand Kutir
_c2011
300 _a168
650 _aHindi
942 _cBK
999 _c16758
_d16758